00687nam a2200181 450000500170000001000150001702000260003203500140005803700130007208200080008524501740009326000550026727000750032230000280039770000290042570000250045470000260047920230920171211.0 aENG-133070 a9788184247046c800.00 aEN-116602 bDBAD/PUB a004 aProceedings of National Conference on Future Trends in Information & Communication Technology & Applications:cOrganised by Silicon Institute of Technology, Bhubaneswar/ aNew DelhibAllied Publishers Private Limitedc2011 a1/13-14 Asaf Ali Road, bNew Delhie110002mbooks@alliedpublishers.com a240p.bIndexc29cm(hbk) aRai, Satyananda Champati aMishra, Bijan Bihari aNayak, Suresh Chandra